000 01591nam a22003497a 4500
005 20220316235146.0
008 140609b2007 sp a|||g|||| 00| 01sspad
020 _a9789589159941
100 1 _aPauli, Lorenz
_d1967-
245 1 3 _a¡Qué valiente!
_cLorenz Pauli ; ilustraciones Kathrin Schärer ; traducción Maria Antònia Torras
250 _aEdición especial para el Ministerio de Cultura
300 _a[30] páginas sin enumerar
_bilustraciones a color
_c24 cm
490 _aLeer es mi cuento
520 _aCuatro amigos deciden hacer una competición para ver cuál es el más valiente. Todos demostrarán su valentía, aunque cada uno a su manera... ¡y a veces, de la forma más sorprendente!
521 _aRecomendado para niños de 2 a 4 años
534 _tMutig, mutig
650 1 4 _2LEMB
_aCuentos infantiles suizos
_ySiglo XX
650 1 4 _2LEMB
_aLiteratura infantil suiza
_ySiglo XX
650 1 4 _2LEMB
_aAnimales en la literatura
650 1 4 _2LEMB
_aAmistad en la literatura
650 1 4 _2LEMB
_aValentía en la literatura
700 1 _aSchärer, Kathrin
_eilustrador
_988066
700 1 _aTorras, María Antónia
_etraductor
_988067
830 _aColección para la Primera Infancia del Ministerio de Cultura, Plan Nacional de Lectura y Escritura Leer es mi cuento, Primera Infancia 2013
942 _2loc
_cBKINF
264 _aBarcelona
_aBogotá
_bJuvetud S.A.
_bPanamericana
_c2007
336 _atexto
_btxt
_2rdacontent
337 _asin mediación
_bn
_2rdamedia
338 _avolumen
_bnc
_2rdacarrier
040 _aCO-BoRNBP
_bspa
_erda
_cCO-BoRNBP
084 _aC PAU4
999 _c74
_d74